Kuih Muruku Hari Deepavali

Bibliographic Details
Main Authors: Ghazali Ngah Azia, JF SC MAL (752), Perintis pealan induk Ghazali Ngah Azia
Format: Book
Published: Kelantan : Norlie Publishing , 2014
Series:Siri Muhibah,Harmoni Dan Perpaduan

MARC

LEADER 00000cam a2200000 7i4500
001 0000047772
005 20150525.0
008 150525
020 |a 9789675759154 
020 |a 9789675759178 (set) 
090 0 0 |a MOR   |b MAL 
100 1 |a Ghazali Ngah Azia 
100 1 |a JF   |b SC MAL (752) 
100 1 |a Perintis pealan induk   |c Ghazali Ngah Azia 
245 1 0 |a Kuih Muruku Hari Deepavali   |c Ghazali Ngah Azia 
260 |a Kelantan :   |b Norlie Publishing ,   |c 2014 
490 0 |a Siri Muhibah,Harmoni Dan Perpaduan 
999 |a 0001316628   |b Book   |c Children Collection   |e Cawangan Segamat 
999 |a 0001316629   |b Book   |c Children Collection   |e Cawangan Bukit Gambir 
999 |a 0001316631   |b Book   |c Children Collection   |e Cawangan Batu Pahat 
999 |a 0001316632   |b Book   |c Children Collection   |e Cawangan Kota Tinggi 
999 |a 0001316634   |b Book   |c Children Collection   |e Cawangan Sri Merlong 
999 |a 0001316635   |b Book   |c Children Collection   |e Cawangan Pontian 
999 |a 0001316636   |b Book   |c Children Collection   |e Cawangan Mersing 
999 |a 0001316637   |b Book   |c Children Collection   |e Cawangan Taman Sri Lambak 
999 |a 0001316639   |b Book   |c Children Collection   |e Cawangan Tangkak 
999 |a 0001316640   |b Book   |c Children Collection   |e Cawangan Tmn. Ungku Tun Aminah 
999 |a 000136633   |b Book   |c Children Collection   |e Cawangan Bandar Penawar 
999 |a 1316638   |b Book   |c Children Collection   |e Cawangan Muar